| 000 | 00347cam a22001217a 4500 | ||
|---|---|---|---|
| 008 | 180718b xxu||||| |||| 00| 0 eng d | ||
| 082 | _aI5537 R137 (N) | ||
| 100 | _aRajaraman | ||
| 245 |
_aAnalysis and design of information syste _cby Rajaraman |
||
| 260 |
_a _b _c |
||
| 650 | _aInformation storage and retrieval systems | ||
| 650 | _aInformation theory | ||
| 999 |
_c379363 _d379363 |
||